Using Microsft excel 2000 (Record no. 78611)

MARC details
000 -LEADER
fixed length control field 01045nam a2200205 a 4500
008 - FIXED-LENGTH DATA ELEMENTS--GENERAL INFORMATION
fixed length control field 120416s1999 ||||||||||||||||| || u
020 ## - INTERNATIONAL STANDARD BOOK NUMBER
International Standard Book Number 8120315723
050 ## - LIBRARY OF CONGRESS CALL NUMBER
Classification number HF 5548.4.M523 Bla
100 ## - MAIN ENTRY--PERSONAL NAME
Personal name Blattner, Patrick
245 10 - TITLE STATEMENT
Title Using Microsft excel 2000
Statement of responsibility, etc. Patrick Blattner
250 ## - EDITION STATEMENT
Edition statement Special ed.
260 ## - PUBLICATION, DISTRIBUTION, ETC.
Place of publication, distribution, etc. New Delhi
Name of publisher, distributor, etc. Prentice-Hall of India
Date of publication, distribution, etc. 1999
350 ## -
-- 0.00
650 ## - SUBJECT ADDED ENTRY--TOPICAL TERM
Topical term or geographic name entry element COMPUTING
650 ## - SUBJECT ADDED ENTRY--TOPICAL TERM
Topical term or geographic name entry element ELECTRONIC SPREADSHEETS--COMPUTER PROGRAMS
650 ## - SUBJECT ADDED ENTRY--TOPICAL TERM
Topical term or geographic name entry element MICROSOFT EXCEL (COMPUTER FILE)
995 ## -
-- MAIN LIBRARY OPEN ACCESS
-- 0.00
-- 732257
-- CBU-MAIN LIBRARY (Kitwe)
-- 3
-- 55.00
-- HF 5548.4.M523 Bla
-- 3
-- LOST
-- Feb 20, 2013
-- 44782
-- Main Library Open Access Collection
995 ## -
-- MAIN LIBRARY OPEN ACCESS
-- 0.00
-- 732256
-- CBU-MAIN LIBRARY (Kitwe)
-- 1
-- 55.00
-- HF 5548.4.M523 Bla
-- 1
-- LOST
-- Feb 20, 2013
-- Jul 6, 2006
-- 44790
-- Main Library Open Access Collection
995 ## -
-- BINDERY (DAMAGED)
-- 0.00
-- 732255
-- CBU-MAIN LIBRARY (Kitwe)
-- 2
-- 55.00
-- HF 5548.4.M523 Bla
-- 2
-- DAMAGED
-- Jul 18, 2006
-- 44792
-- Main Library Open Access Collection
999 ## -
-- 78611
-- 78611
Holdings
Withdrawn status Lost status Source of classification or shelving scheme Damaged status Not for loan Permanent Location Current Location Shelving location Date acquired Total Checkouts Full call number Barcode Date last seen Copy number Price effective from Koha item type Date last checked out
          CBU-MAIN LIBRARY, KITWE. CBU-MAIN LIBRARY, KITWE.   05/17/2023   HF 5548.4.M523 Bla 44782 05/17/2023 1 05/17/2023 MONOGRAPH  
          CBU-MAIN LIBRARY, KITWE. CBU-MAIN LIBRARY, KITWE.   05/17/2023 2 HF 5548.4.M523 Bla 44790 04/25/2024 2 05/17/2023 MONOGRAPH 02/19/2024
          CBU-MAIN LIBRARY, KITWE. CBU-MAIN LIBRARY, KITWE.   05/17/2023   HF 5548.4.M523 Bla 44792 05/17/2023 3 05/17/2023 MONOGRAPH